Learning Resource and Development

The Ateneo De Naga at seventy (Record no. 5191)

MARC details
000 -LEADER
fixed length control field 00751nam a22002177a 4500
005 - DATE AND TIME OF LATEST TRANSACTION
control field 20230512222232.0
008 - FIXED-LENGTH DATA ELEMENTS--GENERAL INFORMATION
fixed length control field 180606t xxu||||| |||| 00| 0 eng d
020 ## - INTERNATIONAL STANDARD BOOK NUMBER
International Standard Book Number 9789719330295
040 ## - CATALOGING SOURCE
Transcribing agency CSPC
082 0# - DEWEY DECIMAL CLASSIFICATION NUMBER
Classification number 959
Item number G319a
100 ## - MAIN ENTRY--PERSONAL NAME
Personal name Gerona, Danilo Madrid
Relator term author.
245 00 - TITLE STATEMENT
Title The Ateneo De Naga at seventy
Remainder of title building a tradition of excellence/
Statement of responsibility, etc. Danilo Madrid Gerona
260 ## - PUBLICATION, DISTRIBUTION, ETC.
Place of publication, distribution, etc. Naga City, Camarines Sur:
Name of publisher, distributor, etc. Ateneo de Naga University Press,
Date of publication, distribution, etc. 2010.
300 ## - PHYSICAL DESCRIPTION
Extent 242 pages:
Other physical details illustrations,
Dimensions 23 cm.
546 ## - LANGUAGE NOTE
Language note English
650 10 - SUBJECT ADDED ENTRY--TOPICAL TERM
Topical term or geographic name entry element Ateneo de Naga University
General subdivision History.
940 ## - EQUIVALENCE OR CROSS-REFERENCE--UNIFORM TITLE [OBSOLETE] [CAN/MARC only]
Uniform title <a href="Lenie">Lenie</a>
942 ## - ADDED ENTRY ELEMENTS (KOHA)
Koha item type
-- BKL 959 G319a 2010
Holdings
Withdrawn status Lost status Damaged status Not for loan Home library Current library Shelving location Date acquired Total Checkouts Full call number Barcode Date last seen Copy number Price effective from Koha item type
        Main Library Main Library Bikoliana Section 05/12/2023   BKL 959 G319a 2010 015220 05/12/2023 1-5 05/12/2023 Books
        Main Library Main Library Bikoliana Section 05/12/2023   BKL 959 G319a 2010 015221 05/12/2023 2-5 05/12/2023 Books
        Main Library Main Library Bikoliana Section 05/12/2023   BKL 959 G319a 2010 015222 05/12/2023 3-5 05/12/2023 Books
        Main Library Main Library Bikoliana Section 05/12/2023   BKL 959 G319a 2010 015223 05/12/2023 4-5 05/12/2023 Books
        Main Library Main Library Bikoliana Section 05/12/2023   BKL 959 G319a 2010 015224 05/12/2023 5-5 05/12/2023 Books